Hệ thống giáo dục quốc dân (Giáo trình đào tạo Cử nhân Quản lí giáo dục)
Những kiến thức cơ bản nhất về hệ thống giáo dục quốc dân, cơ cấu khung của hệ thống giáo dục quốc dân Việt Nam và một số nước trên thế giới. Những vấn đề cơ bản về tổ chức bộ máy quản lí, bộ máy quản lí giáo dục và đào tạ...
Tallennettuna:
| Päätekijä: | |
|---|---|
| Aineistotyyppi: | Kirja |
| Kieli: | Undetermined |
| Julkaistu: |
Thành phố Hồ Chí Minh
Nxb. Đại học Sư phạm
2012
|
| Aiheet: | |
| Tagit: |
Lisää tagi
Ei tageja, Lisää ensimmäinen tagi!
|
| Thư viện lưu trữ: | Trung tâm Học liệu Trường Đại học Cần Thơ |
|---|
| LEADER | 01226nam a2200229Ia 4500 | ||
|---|---|---|---|
| 001 | CTU_202765 | ||
| 008 | 210402s9999 xx 000 0 und d | ||
| 020 | |c 42000 | ||
| 082 | |a 370.9597 | ||
| 082 | |b Th107 | ||
| 100 | |a Nguyễn, Xuân Thanh | ||
| 245 | 0 | |a Hệ thống giáo dục quốc dân | |
| 245 | 0 | |b (Giáo trình đào tạo Cử nhân Quản lí giáo dục) | |
| 245 | 0 | |c Nguyễn Xuân Thanh | |
| 260 | |a Thành phố Hồ Chí Minh | ||
| 260 | |b Nxb. Đại học Sư phạm | ||
| 260 | |c 2012 | ||
| 520 | |a Những kiến thức cơ bản nhất về hệ thống giáo dục quốc dân, cơ cấu khung của hệ thống giáo dục quốc dân Việt Nam và một số nước trên thế giới. Những vấn đề cơ bản về tổ chức bộ máy quản lí, bộ máy quản lí giáo dục và đào tạo các cấp. Nội dung quản lí các ngành học, cấp học trong hệ thống giáo dục và đào tạo | ||
| 650 | |a Education,Giáo dục | ||
| 650 | |z Vietnam,Việt Nam | ||
| 904 | |i Nguyên | ||
| 980 | |a Trung tâm Học liệu Trường Đại học Cần Thơ | ||